01482nab a22002177a 4500003000400000005001700004008004100021040000700062100003300069245018200102260007300284300001500357500003700372505041800409505013900827505008200966650001801048650001801066700003001084773015001114OSt20251222120353.0190429b xxu||||| |||| 00| 0 spa d cPJ aGonzález Da Silva, Gabriel10aDesregulación, automatismo y riesgo institucional. Crítica a las nuevas disposiciones sobre control de armas en la Argentina /cGabriel González Da Silva, Paulina Gómez. cCiudad Autónoma de Buenos Aires :aThomson Reuters La Ley, b2025. ap. 204-209 aCita: TR LALEY AR/DOC/1625/2025. aSumario: I. Presentación del problema.— II. La res. ANMaC 49/2025 que permite contar con habilitación del Estado Nacional para comercializar, fabricar y reparar armas, entre otras actividades, a nivel local de los municipios, antes de contar con su permiso.— III. La res. ANMaC 45/2025 y la insuficiencia de los mecanismos de control en el trámite express de las habilitaciones.— IV. Palabras finales. aFallo comentado: TOral Crim. Fed., Mar del Plata ~ 12/06/2024 ~ S., M. L. y otros s/ infracción art. 303 inc. 1° del Cód. Penal. tSi te interesa el texto completo, solicitalo a koha@justierradelfuego.gov.ar  0aDERECHO PENAL 0aARMA DE FUEGO aGómez, Paulinaecoautor0 02658tRevista de derecho penal y criminología. Nº 7 - Agosto 2025dCiudad Autónoma de Buenos Aires : Thomson Reuters La Ley, 2017-x00347914